MARC details
| 000 -LEADER |
| fixed length control field |
01787cam a22003257a 4500 |
| 001 - CONTROL NUMBER |
| control field |
000522768 |
| 003 - CONTROL NUMBER IDENTIFIER |
| control field |
AM-YeHGA |
| 005 - DATE AND TIME OF LATEST TRANSACTION |
| control field |
20250617135131.0 |
| 008 - FIXED-LENGTH DATA ELEMENTS--GENERAL INFORMATION |
| fixed length control field |
051129s2003 enkac||||b||||001|0|eng|d |
| 020 ## - INTERNATIONAL STANDARD BOOK NUMBER |
| International Standard Book Number |
0906026601 |
| 040 ## - CATALOGING SOURCE |
| Original cataloging agency |
AM-YeHGA |
| 041 0# - LANGUAGE CODE |
| Language code of text/sound track or separate title |
eng |
| 042 ## - AUTHENTICATION CODE |
| Authentication code |
lccopycat |
| 043 ## - GEOGRAPHIC AREA CODE |
| Geographic area code |
e-uk-en |
| 090 ## - LOCALLY ASSIGNED LC-TYPE CALL NUMBER (OCLC); LOCAL CALL NUMBER (RLIN) |
| -- |
195800 |
| 245 00 - TITLE STATEMENT |
| Title |
Pearls of the Orient : |
| Remainder of title |
Asian treasures from the Wellcome Library / |
| Statement of responsibility, etc. |
Ed. by Nigel Allan. |
| 260 ## - PUBLICATION, DISTRIBUTION, ETC. |
| Place of publication, distribution, etc. |
London : |
| Name of publisher, distributor, etc. |
Serindia, |
| Date of publication, distribution, etc. |
2003. |
| 300 ## - PHYSICAL DESCRIPTION |
| Extent |
215 p. : |
| Other physical details |
ill. (some col.), ports. (some col.) ; |
| Dimensions |
31 cm. |
| 500 ## - GENERAL NOTE |
| General note |
"The Wellcome Trust"--T.p. |
| 504 ## - BIBLIOGRAPHY, ETC. NOTE |
| Bibliography, etc. note |
Includes bibliogr. references and index. |
| 505 00 - FORMATTED CONTENTS NOTE |
| Title |
Henry Wellcome and the Asian collections / |
| Statement of responsibility |
Nigel Allan - |
| Title |
Marriage Hebrew style / |
| Statement of responsibility |
Nigel Allan - |
| Title |
Nature of image veneration in Armenia / |
| Statement of responsibility |
Vrej Nersessian - |
| Title |
Between meaning and image : Islamic calligraphy / |
| Statement of responsibility |
Nikolaj Serikoff - |
| Title |
Astrological images in two Persian manuscripts / |
| Statement of responsibility |
Sergei Tourkin - |
| Title |
Love of Krsna in poems and paintings / |
| Statement of responsibility |
Dominik Wujastyk - |
| Title |
'Reading' Indian manuscript paintings from Punjab / |
| Statement of responsibility |
Jeevan Singh Deol - |
| Title |
Illustrations from the life of the Buddha / |
| Statement of responsibility |
William Pruitt, Peter Nyunt - |
| Title |
Monk travels to heaven and hell / |
| Statement of responsibility |
Henry Ginsburg. |
| 505 00 - FORMATTED CONTENTS NOTE |
| Title |
Rare series of Tibetan banners / |
| Statement of responsibility |
Gyurme Dorje - |
| Title |
Illustrations of ethnic groups in southwestern China / |
| Statement of responsibility |
Hartmut Walravens -- |
| Title |
Japanese medical books and illustrations / |
| Statement of responsibility |
Peter F. Kornicki. |
| 610 20 - SUBJECT ADDED ENTRY--CORPORATE NAME |
| Corporate name or jurisdiction name as entry element |
Wellcome Library for the History and Understanding of Medicine |
| Form subdivision |
Catalogs. |
| 650 #0 - SUBJECT ADDED ENTRY--TOPICAL TERM |
| Topical term or geographic name entry element |
Art, Asian |
| Form subdivision |
Catalogs |
| 650 #0 - SUBJECT ADDED ENTRY--TOPICAL TERM |
| Topical term or geographic name entry element |
Illumination of books and manuscripts, Asian |
| Form subdivision |
Catalogs. |
| 650 #0 - SUBJECT ADDED ENTRY--TOPICAL TERM |
| Topical term or geographic name entry element |
Art |
| Geographic subdivision |
England |
| -- |
London |
| Form subdivision |
Catalogs. |
| 700 1# - ADDED ENTRY--PERSONAL NAME |
| Personal name |
Allan, Nigel. |
| Relationship |
edt |
| 710 2# - ADDED ENTRY--CORPORATE NAME |
| Corporate name or jurisdiction name as entry element |
Wellcome Trust (London, England) |